<?xml version="1.0" encoding="UTF-8"?>
<record
    xmlns:xsi="http://www.w3.org/2001/XMLSchema-instance"
    xsi:schemaLocation="http://www.loc.gov/MARC21/slim http://www.loc.gov/standards/marcxml/schema/MARC21slim.xsd"
    xmlns="http://www.loc.gov/MARC21/slim">

  <leader>02883ngm a22005537a 4500</leader>
  <controlfield tag="006">a|||||s|||||00| 0 </controlfield>
  <controlfield tag="007">tz</controlfield>
  <controlfield tag="008">110616s2002    cau|||||s|||| 000 0 eng d</controlfield>
  <datafield tag="020" ind1=" " ind2=" ">
    <subfield code="a">0788826417</subfield>
  </datafield>
  <datafield tag="020" ind1=" " ind2=" ">
    <subfield code="a">9780788826412</subfield>
  </datafield>
  <datafield tag="082" ind1=" " ind2=" ">
    <subfield code="2">22</subfield>
    <subfield code="a">791.4372</subfield>
    <subfield code="b">SWI</subfield>
  </datafield>
  <datafield tag="245" ind1="0" ind2="0">
    <subfield code="a">Swiss Family Robinson</subfield>
    <subfield code="h">[videorecording] /</subfield>
    <subfield code="c">[presented by] Walt Disney ; produced by Bill Anderson ; directed by Ken Annakin ; screenplay, Lowell S. Hawley.</subfield>
  </datafield>
  <datafield tag="260" ind1=" " ind2=" ">
    <subfield code="a">Burbank, Calif. : </subfield>
    <subfield code="b">Buena Vista Home Entertainment, [2002]</subfield>
    <subfield code="c">[2002]</subfield>
  </datafield>
  <datafield tag="300" ind1=" " ind2=" ">
    <subfield code="a">2 videodiscs (126 min.) : </subfield>
    <subfield code="b">sd., col. ; </subfield>
    <subfield code="c">4 3/4 in.</subfield>
  </datafield>
  <datafield tag="490" ind1=" " ind2=" ">
    <subfield code="9">25413</subfield>
    <subfield code="a">Vault Disney Collection</subfield>
  </datafield>
  <datafield tag="500" ind1=" " ind2=" ">
    <subfield code="a">Originally released as a motion picture in 1960</subfield>
  </datafield>
  <datafield tag="500" ind1=" " ind2=" ">
    <subfield code="a">Based on the novel by Johan Wyss</subfield>
  </datafield>
  <datafield tag="500" ind1=" " ind2=" ">
    <subfield code="a">Special features include: audio commentary track with the director and others; Sea salts  (animated short); Adventure in the making; Conversations with James MacArthur; PIRATES!; Swiss family treehouse  (featurette); production archives; 1960 Disney studio album.  </subfield>
  </datafield>
  <datafield tag="508" ind1=" " ind2=" ">
    <subfield code="a">Director of photography, Harry Waxman ; film editor, Peter Boita ; original music, William Alwyn ; costume designer, Julie Harris </subfield>
  </datafield>
  <datafield tag="511" ind1=" " ind2=" ">
    <subfield code="a">John Mills, Dorothy McGuire, James MacArthur, Janet Munro, Sessue Hayakawa, Tommy Kirk, Kevin Corcoran, Cecil Parker.  </subfield>
  </datafield>
  <datafield tag="520" ind1=" " ind2=" ">
    <subfield code="a">The shipwrecked Robinson family finds new life on a deserted island far from civilization until their makeshift paradise is threatened by the arrival of cutthroat pirates.   </subfield>
  </datafield>
  <datafield tag="521" ind1=" " ind2=" ">
    <subfield code="a">MPAA rating: G.</subfield>
  </datafield>
  <datafield tag="538" ind1=" " ind2=" ">
    <subfield code="a">DVD; NTSC, Region 1; Dolby digital 5.1 surround;  widescreen format  (2:35:1 aspect ratio).  </subfield>
  </datafield>
  <datafield tag="546" ind1=" " ind2=" ">
    <subfield code="a">In English and Spanish; Closed-captioned</subfield>
  </datafield>
  <datafield tag="650" ind1=" " ind2=" ">
    <subfield code="9">25416</subfield>
    <subfield code="a">Family</subfield>
    <subfield code="v">Drama</subfield>
  </datafield>
  <datafield tag="653" ind1=" " ind2=" ">
    <subfield code="c">June2011</subfield>
  </datafield>
  <datafield tag="655" ind1=" " ind2=" ">
    <subfield code="a">Adventure films</subfield>
  </datafield>
  <datafield tag="655" ind1=" " ind2=" ">
    <subfield code="a">Feature films</subfield>
  </datafield>
  <datafield tag="700" ind1=" " ind2=" ">
    <subfield code="9">25417</subfield>
    <subfield code="a">Hawley, Lowell S.</subfield>
    <subfield code="e">aus</subfield>
    <subfield code="q">Lowell Stillwell</subfield>
  </datafield>
  <datafield tag="700" ind1=" " ind2=" ">
    <subfield code="9">25418</subfield>
    <subfield code="a">Anderson, Bill</subfield>
    <subfield code="d">1911-1997</subfield>
    <subfield code="e">pro</subfield>
  </datafield>
  <datafield tag="700" ind1=" " ind2=" ">
    <subfield code="9">25419</subfield>
    <subfield code="a">Annakin, Ken</subfield>
    <subfield code="e">drt</subfield>
  </datafield>
  <datafield tag="700" ind1=" " ind2=" ">
    <subfield code="9">25421</subfield>
    <subfield code="a">Waxman, Harry</subfield>
    <subfield code="d">1912-1984</subfield>
    <subfield code="e">cng</subfield>
  </datafield>
  <datafield tag="700" ind1=" " ind2=" ">
    <subfield code="9">25422</subfield>
    <subfield code="a">Boita, Peter</subfield>
    <subfield code="e">flm</subfield>
  </datafield>
  <datafield tag="700" ind1=" " ind2=" ">
    <subfield code="9">25423</subfield>
    <subfield code="a">Alwyn, William</subfield>
    <subfield code="d">1905-1985</subfield>
    <subfield code="e">cmp</subfield>
  </datafield>
  <datafield tag="700" ind1=" " ind2=" ">
    <subfield code="9">25424</subfield>
    <subfield code="a"> Wyss, Johann David</subfield>
    <subfield code="d">1743-1818</subfield>
    <subfield code="e">aut</subfield>
    <subfield code="t">Schweizerische Robinson</subfield>
  </datafield>
  <datafield tag="700" ind1=" " ind2=" ">
    <subfield code="9">25424</subfield>
    <subfield code="a"> Wyss, Johann David</subfield>
    <subfield code="d">1743-1818</subfield>
    <subfield code="e">aut</subfield>
    <subfield code="t">Schweizerische Robinson</subfield>
  </datafield>
  <datafield tag="700" ind1=" " ind2=" ">
    <subfield code="9">25425</subfield>
    <subfield code="a">Harris, Julie</subfield>
    <subfield code="e">cst</subfield>
  </datafield>
  <datafield tag="700" ind1=" " ind2=" ">
    <subfield code="9">25427</subfield>
    <subfield code="a">Mills, John</subfield>
    <subfield code="d">1908-2005</subfield>
    <subfield code="e">act</subfield>
  </datafield>
  <datafield tag="700" ind1=" " ind2=" ">
    <subfield code="9">25428</subfield>
    <subfield code="a">McGuire, Dorothy</subfield>
    <subfield code="d">1918-2001</subfield>
    <subfield code="e">act</subfield>
  </datafield>
  <datafield tag="700" ind1=" " ind2=" ">
    <subfield code="9">25429</subfield>
    <subfield code="a">MacArthur, James</subfield>
    <subfield code="d">1937-2010</subfield>
    <subfield code="e">act</subfield>
  </datafield>
  <datafield tag="700" ind1=" " ind2=" ">
    <subfield code="9">25430</subfield>
    <subfield code="a">Munro, Janet</subfield>
    <subfield code="d">1934-1972</subfield>
    <subfield code="e">act</subfield>
  </datafield>
  <datafield tag="700" ind1=" " ind2=" ">
    <subfield code="9">25431</subfield>
    <subfield code="a">Hayakawa, Sessue</subfield>
    <subfield code="d">1889-1973</subfield>
    <subfield code="e">act</subfield>
  </datafield>
  <datafield tag="700" ind1=" " ind2=" ">
    <subfield code="9">25432</subfield>
    <subfield code="a">Kirk, Tommy</subfield>
    <subfield code="e">act</subfield>
  </datafield>
  <datafield tag="700" ind1=" " ind2=" ">
    <subfield code="9">25433</subfield>
    <subfield code="a">Corcoran, Kevin</subfield>
    <subfield code="d">1949-</subfield>
    <subfield code="e">act</subfield>
  </datafield>
  <datafield tag="700" ind1=" " ind2=" ">
    <subfield code="9">25434</subfield>
    <subfield code="a">Parker, Cecil</subfield>
    <subfield code="d">1897-1971</subfield>
    <subfield code="e">act</subfield>
  </datafield>
  <datafield tag="710" ind1=" " ind2=" ">
    <subfield code="9">25034</subfield>
    <subfield code="a">Buena Vista Home Entertainment (Firm)</subfield>
    <subfield code="e">dst</subfield>
  </datafield>
  <datafield tag="710" ind1=" " ind2=" ">
    <subfield code="9">25012</subfield>
    <subfield code="a">Walt Disney Pictures</subfield>
    <subfield code="e">pro</subfield>
  </datafield>
  <datafield tag="942" ind1=" " ind2=" ">
    <subfield code="2">ddc</subfield>
    <subfield code="c">CDVDMOV</subfield>
  </datafield>
  <datafield tag="999" ind1=" " ind2=" ">
    <subfield code="c">15610</subfield>
    <subfield code="d">15610</subfield>
  </datafield>
  <datafield tag="952" ind1=" " ind2=" ">
    <subfield code="0">0</subfield>
    <subfield code="1">0</subfield>
    <subfield code="2">ddc</subfield>
    <subfield code="4">0</subfield>
    <subfield code="7">0</subfield>
    <subfield code="8">Baccah</subfield>
    <subfield code="a">MAIN</subfield>
    <subfield code="b">MAIN</subfield>
    <subfield code="c">2ND</subfield>
    <subfield code="d">2011-06-16</subfield>
    <subfield code="e">Purchase</subfield>
    <subfield code="g">117.00</subfield>
    <subfield code="h">12344</subfield>
    <subfield code="l">1</subfield>
    <subfield code="o">791.4372 SWI</subfield>
    <subfield code="p">000024231</subfield>
    <subfield code="r">2022-08-24 00:00:00</subfield>
    <subfield code="s">2011-06-28</subfield>
    <subfield code="w">2011-06-16</subfield>
    <subfield code="y">CDVDMOV</subfield>
    <subfield code="z">2 DVDs</subfield>
  </datafield>
</record>
